MARC

LEADER 00000nam0a2200000 4500
001 284854
005 20231101235734.0
035 |a (RuTPU)RU\TPU\book\309046 
090 |a 284854 
100 |a 20150218d1975 k y0rusy50 ca 
101 0 |a rus 
102 |a RU 
105 |a a z 001zy 
200 1 |a Полезные ископаемые и металлогения докембрия  |f Г. В. Войткевич, Г. И. Лебедько 
210 |a Москва  |c Недра  |d 1975 
215 |a 231 с.  |c ил. 
320 |a Библиогр.: с. 212-225. 
320 |a Указатель месторождений: с. 226-229. 
606 1 |a Металлогения  |2 stltpush  |3 (RuTPU)RU\TPU\subj\42411  |9 62078 
610 1 |a полезные ископаемые 
610 1 |a месторождения 
610 1 |a рудообразование 
610 1 |a докембрий 
610 1 |a геохимические исследования 
610 1 |a изотопный анализ 
610 1 |a ядерная геохронология 
610 1 |a рудные провинции 
610 1 |a металлогенические провинции 
675 |a 553.078  |v 3 
700 1 |a Войткевич  |b Г. В.  |g Георгий Витольдович 
701 1 |a Лебедько  |b Г. И.  |g Геннадий Иванович 
801 1 |a RU  |b 63413507  |c 20150218 
801 2 |a RU  |b 63413507  |c 20150311  |g RCR 
942 |c BK